| 000 | 01006nam a2200217Ia 4500 | ||
|---|---|---|---|
| 003 | OSt | ||
| 005 | 20210609194640.0 | ||
| 008 | 210310s1968 ck aod gr 000 0 spa d | ||
| 040 |
_aCO-JMCR _cCO-JMCR |
||
| 041 | 0 | _aspa | |
| 082 | 0 | 4 |
_a333.3109861 / _bI597s _223 |
| 100 |
_aInstituto Colombiano de Reforma Agraria _915854 |
||
| 110 | 2 |
_aInstituto Colombiano de la Reforma Agraria _938275 |
|
| 245 | 1 | 0 |
_aSeis años de reforma social agraria en Colombia 1962-1967 : _bsíntesis de actividades hasta 1967 / _cInstituto Colombiano de la Reforma Agraria |
| 260 |
_aBogotá : _bINCORA, _c1968 |
||
| 300 |
_a50 páginas : _bilustraciones, fotografías y gráficas a blanco y negro ; _c28 cm. |
||
| 490 | 0 |
_aSerie Informes ; _v17 |
|
| 505 | 0 | _aNueva Legislación Agraria: modificaciones a la Ley 135 de 1961 -- Realizaciones en seis años de reforma social agraria -- El INCORA: instrumento para la realización de la reforma agraria | |
| 650 | 1 | 4 |
_aReforma agraria _915856 _ySiglo XX _zColombia |
| 942 |
_2ddc _cBK |
||
| 999 |
_c7932 _d7932 |
||